Statistieken voor Hoofdsteden Zuid-oost Azie

Klik hier om de quiz te nemen!

Algemene statistieken

  • Deze quiz is 44 keer genomen
  • De gemiddelde score is 5 van 11

Antwoordstatistieken

Antwoord% Correct
ThailandBangkok
73%
VietnamHanoi
67%
IndonesieJakarta
67%
FilipijnenManilla
60%
MaleisieKuala lumpur
53%
TaiwanTaipei
47%
MyanmarNaypyidaw
40%
BruneiBandar Seri Begawan
27%
CambodjaPhnom Penh
27%
Oost-TimorDili
20%
LaosVientaine
7%

Scoreverdeling

Percentiel versus Aantal Correcte Antwoorden

Procent van Mensen met Elke Score

Uw Scoregeschiedenis

U heeft deze quiz nog niet genomen